000 00394nam a22001697a 4500
003 CEME
005 20210628204342.0
008 210218b xxu||||| |||| 00| 0 eng d
020 _a0-273-01126-X
040 _c.
082 _a621.384 GRE'R
100 _aGreen, D. L
_970019
245 _aRadio systems tec level ii
260 _aLONDON
_bPITMAN
_c1984
300 _a116P
942 _cBK
_2ddc
999 _c577078
_d577078